| 000 | 00486nam a22001817a 4500 | ||
|---|---|---|---|
| 005 | 20230110142646.0 | ||
| 008 | 221217b |||||||| |||| 00| 0 eng d | ||
| 020 | _a978-93-5270-499-6 | ||
| 041 | _aeng | ||
| 082 | _a615.1 TRI-E | ||
| 100 |
_aTRIPATHI , K D _96376 |
||
| 245 | _aESSENTIAL OF MEDICAL PHARMACOLOGY | ||
| 250 | _a8th ed. | ||
| 260 |
_aNEW DELHI _bJAYPEE BROTHERS MEDICAL PUBLISHERS _c2021 |
||
| 300 | _a1123;P. | ||
| 650 |
_aPHARMACY _xB.PHARMA _97083 |
||
| 942 | _cBK | ||
| 999 |
_c8087 _d8085 |
||